[Event "Nord West Cup"]
[Site "Oldenburg"]
[Date "2000.02.12"]
[Round "5"]
[White "Willms, Axel"]
[Black "Carstens, Manfred"]
[Result "1/2-1/2"]
[WhiteElo "1350"]
[BlackElo "1690"]
[PlyCount "38"]
[EventDate "2000.??.??"]
[EventType "swiss"]
[EventRounds "7"]
[EventCountry "GER"]
[SourceTitle "EXT 2002"]
[Source "ChessBase"]
[SourceDate "2001.11.25"]
[SourceVersion "1"]
[SourceVersionDate "2001.11.25"]
[SourceQuality "1"]

1. d4 Nf6 2. Nf3 g6 3. c4 d5 4. Nc3 Bg7 5. Bf4 0-0 6. e3 c6 7. Qb3 b6 8. Rc1 e6 9. Be2 Nh5 10. Be5 f5 11. Bxg7 Nxg7 12. Ne5 Bb7 13. cxd5 cxd5 14. 0-0 Nd7 15. f4 Nxe5 16. dxe5 Rc8 17. Nb5 Rxc1 18. Rxc1 g5 19. Nd6 Ba8 1/2-1/2

[Event "Nord West Cup"]
[Site "Oldenburg"]
[Date "2000.02.11"]
[Round "3"]
[White "Willms, Axel"]
[Black "Sarveniazi, Ali Reza"]
[Result "0-1"]
[WhiteElo "1350"]
[BlackElo "1920"]
[PlyCount "60"]
[EventDate "2000.??.??"]
[EventType "swiss"]
[EventRounds "7"]
[EventCountry "GER"]
[SourceTitle "EXT 2002"]
[Source "ChessBase"]
[SourceDate "2001.11.25"]
[SourceVersion "1"]
[SourceVersionDate "2001.11.25"]
[SourceQuality "1"]

1. d4 Nf6 2. c4 e6 3. Nf3 b6 4. g3 Bb7 5. Bg2 Bb4+ 6. Nc3 Ne4 7. Qc2 0-0 8. 0-0 d5 9. Nd2 f5 10. cxd5 exd5 11. Ncxe4 fxe4 12. Qb3 Bxd2 13. Bxd2 Kh8 14. Bf4 Nd7 15. Rac1 c5 16. Bd6 c4 17. Qe3 Rf7 18. f4 Nf6 19. Be5 Ng4 20. Qd2 h5 21. e3 Rc8 22. Qe2 Qe8 23. h3 Nf6 24. g4 hxg4 25. hxg4 Nd7 26. Kf2 Nxe5 27. Rh1+ Kg8 28. dxe5 Qxe5 29. Rh5 Qd6 30. Rch1 Kf8 0-1